[Event "Frederiksberg-ch"]
[Site "Frederiksberg"]
[Date "2019.05.15"]
[Round "4"]
[White "Andersen, Dan"]
[Black "Kjaer, Anders"]
[Result "1-0"]
[WhiteElo "2232"]
[BlackElo "1864"]
[PlyCount "55"]
[EventDate "2019.04.24"]
[EventType "tourn"]
[EventRounds "5"]
[EventCountry "DEN"]
[SourceTitle "EXT 2020"]
[Source "ChessBase"]
[SourceDate "2019.10.17"]
[SourceVersion "1"]
[SourceVersionDate "2019.10.17"]
[SourceQuality "1"]

1. c4 f5 2. g3 Nf6 3. Bg2 e6 4. Nc3 Be7 5. e3 0-0 6. Nge2 c5 7. d4 cxd4 8. Nxd4 a6 9. 0-0 Nc6 10. b3 Nxd4 11. exd4 d5 12. Bb2 Ne4 13. Ne2 Bg5 14. Qd3 Qb6 15. Bc1 Bf6 16. Be3 Bd7 17. Rfc1 Rac8 18. f3 Ng5 19. h4 Nf7 20. Nf4 Qd6 21. Rab1 b5 22. cxd5 exd5 23. Rc5 Be6 24. Rbc1 Rxc5 25. dxc5 Qc6 26. Bd4 Bxd4+ 27. Qxd4 Rc8 28. Nh5 1-0

[Event "Copenhagen BSF-A"]
[Site "Copenhagen"]
[Date "2014.03.29"]
[Round "3"]
[White "Andersen, Dan"]
[Black "Andersen, Rune Egede"]
[Result "1-0"]
[WhiteElo "2257"]
[BlackElo "2102"]
[PlyCount "85"]
[EventDate "2014.03.28"]
[EventType "tourn"]
[EventRounds "5"]
[EventCountry "DEN"]
[SourceTitle "EXT 2016"]
[Source "ChessBase"]
[SourceDate "2015.10.08"]
[SourceVersion "1"]
[SourceVersionDate "2015.10.08"]
[SourceQuality "1"]

1. c4 e5 2. Nc3 Nf6 3. g3 Nc6 4. Bg2 Bc5 5. e3 0-0 6. Nge2 d5 7. d4 exd4 8. exd4 Bb4 9. cxd5 Nxd5 10. a3 Bxc3+ 11. bxc3 Bg4 12. f3 Re8 13. 0-0 Bf5 14. g4 Bg6 15. f4 Be4 16. Bxe4 Rxe4 17. Qd3 Rxe2 18. Qxe2 Nxc3 19. Qg2 Qxd4+ 20. Kh1 Ne2 21. Rb1 Nxc1 22. Rbxc1 Rd8 23. Qf3 Qf6 24. Rfe1 h6 25. Re4 Nd4 26. Qe3 Kh7 27. g5 hxg5 28. fxg5 Qf3+ 29. Qxf3 Nxf3 30. Re3 Nxg5 31. Rxc7 Rd1+ 32. Kg2 Rb1 33. h4 Rb2+ 34. Kf1 Ne6 35. Rxf7 Kg6 36. Re7 Nd4 37. Rg3+ Kf6 38. Rgxg7 Rb1+ 39. Kf2 Rb2+ 40. Ke1 Nc2+ 41. Kd1 Ra2 42. Rgf7+ Kg6 43. h5+ 1-0

[Event "Politiken Cup 28th"]
[Site "Copenhagen"]
[Date "2006.07.30"]
[Round "9"]
[White "Andersen, Dan"]
[Black "Laksman, Efraim"]
[Result "1-0"]
[WhiteElo "2278"]
[BlackElo "2089"]
[PlyCount "81"]
[EventDate "2006.07.22"]
[EventType "swiss"]
[EventRounds "9"]
[EventCountry "DEN"]
[SourceTitle "CBM 113 Extra"]
[Source "ChessBase"]
[SourceDate "2006.09.14"]
[SourceVersion "1"]
[SourceVersionDate "2006.09.14"]
[SourceQuality "1"]

1. d4 Nf6 2. c4 c5 3. d5 b5 4. cxb5 a6 5. b6 d6 6. Nc3 Nbd7 7. e4 Nxb6 8. Nf3 g6 9. Bf4 Bd7 10. e5 Nh5 11. Bg5 f6 12. e6 Bc8 13. g4 Ng7 14. Be3 Nxe6 15. dxe6 Bxe6 16. Nd2 Bg7 17. Bg2 Rb8 18. 0-0 0-0 19. f4 Qd7 20. h3 f5 21. gxf5 Bxf5 22. Qf3 Rfc8 23. Rfd1 e6 24. Bf2 d5 25. Nb3 Qe7 26. Rac1 Bf6 27. Qe2 Ra8 28. Re1 Qf8 29. Rcd1 Kh8 30. Nc1 Rab8 31. Nd3 Nc4 32. Na4 Bxd3 33. Qxd3 Nxb2 34. Nxb2 Rxb2 35. Rxe6 d4 36. Qxa6 Bg7 37. Rde1 h5 38. Rxg6 Rcb8 39. Bg3 Qf7 40. Qc6 Rxa2 41. Bd5 1-0

[Event "Politiken Cup 28th"]
[Site "Copenhagen"]
[Date "2006.07.26"]
[Round "5"]
[White "Andersen, Dan"]
[Black "Tjiam, Dharma"]
[Result "1-0"]
[WhiteElo "2278"]
[BlackElo "2391"]
[PlyCount "77"]
[EventDate "2006.07.22"]
[EventType "swiss"]
[EventRounds "9"]
[EventCountry "DEN"]
[SourceTitle "CBM 113 Extra"]
[Source "ChessBase"]
[SourceDate "2006.09.14"]
[SourceVersion "1"]
[SourceVersionDate "2006.09.14"]
[SourceQuality "1"]

1. d4 Nf6 2. c4 e6 3. Nf3 d5 4. Nc3 Be7 5. Bg5 h6 6. Bh4 0-0 7. e3 b6 8. cxd5 Nxd5 9. Bxe7 Qxe7 10. Nxd5 exd5 11. Rc1 Be6 12. Bd3 c5 13. 0-0 Nd7 14. h3 Rfd8 15. b3 a5 16. Bb5 Rac8 17. Qd2 Nf6 18. Ne5 Ne4 19. Qb2 Qd6 20. Ba6 Rc7 21. Rfd1 f6 22. Nd3 Bf7 23. Nf4 c4 24. bxc4 dxc4 25. Qb1 Ng5 26. d5 b5 27. Bxb5 c3 28. Bd3 Rc5 29. h4 Rb8 30. Qa1 Nh7 31. Rxc3 Nf8 32. Rxc5 Qxc5 33. Bf5 Qa3 34. Rd2 Qb4 35. Qd4 Qd6 36. Rc2 Rb1+ 37. Kh2 Rb4 38. Qc5 Qe5 39. d6 1-0

[Event "Politiken Cup 28th"]
[Site "Copenhagen"]
[Date "2006.07.25"]
[Round "4"]
[White "Urkedal, Frode Olav Olsen"]
[Black "Andersen, Dan"]
[Result "0-1"]
[WhiteElo "2069"]
[BlackElo "2278"]
[PlyCount "94"]
[EventDate "2006.07.22"]
[EventType "swiss"]
[EventRounds "9"]
[EventCountry "DEN"]
[SourceTitle "CBM 113 Extra"]
[Source "ChessBase"]
[SourceDate "2006.09.14"]
[SourceVersion "1"]
[SourceVersionDate "2006.09.14"]
[SourceQuality "1"]

1. d4 e6 2. Nf3 f5 3. g3 Nf6 4. Bg2 d5 5. c4 c6 6. Nc3 Bd6 7. Bf4 Bxf4 8. gxf4 Nbd7 9. e3 0-0 10. 0-0 Qe7 11. Ne5 Kh8 12. Qe2 Rg8 13. f3 Nf8 14. b4 Bd7 15. b5 cxb5 16. cxd5 Nxd5 17. Rac1 Nc7 18. e4 h6 19. d5 exd5 20. Rfd1 Be8 21. exd5 Qd6 22. Qc2 b4 23. Ne4 Qb6+ 24. Nf2 Nb5 25. Qxf5 Nc3 26. Rd2 Rd8 27. Bf1 Rxd5 28. Rxd5 Nxd5 29. Bd3 Qe3 30. Rd1 Nc3 31. Rf1 Ne2+ 32. Kh1 Qxf4 33. Qxf4 Nxf4 34. Bc4 N8e6 35. Nfd3 Rf8 36. Nxb4 Bh5 37. Rd1 Re8 38. Nd5 Rd8 39. Ne3 Rxd1+ 40. Nxd1 g5 41. Nf2 Nd4 42. Nf7+ Kg7 43. Nd6 Bxf3+ 44. Kg1 Kf6 45. h3 Nf5 46. Nb5 a6 47. Nc3 Ke5 0-1

[Event "Politiken Cup 27th"]
[Site "Copenhagen"]
[Date "2005.07.23"]
[Round "9"]
[White "Andersen, Dan"]
[Black "Penalver, Osmani"]
[Result "1-0"]
[WhiteElo "2245"]
[BlackElo "2108"]
[PlyCount "231"]
[EventDate "2005.07.16"]
[EventType "swiss"]
[EventRounds "10"]
[EventCountry "DEN"]
[SourceTitle "CBM 107 Extra"]
[Source "ChessBase"]
[SourceDate "2005.09.01"]
[SourceVersion "1"]
[SourceVersionDate "2005.09.01"]
[SourceQuality "1"]

1. d4 Nf6 2. c4 e6 3. Nf3 b6 4. g3 Ba6 5. Nbd2 Be7 6. Bg2 c6 7. 0-0 d5 8. b3 0-0 9. Bb2 b5 10. c5 Nfd7 11. b4 Bb7 12. Nb3 Bf6 13. Ne5 Qc7 14. f4 g6 15. e4 Bg7 16. Nxd7 Nxd7 17. e5 f5 18. exf6 Bxf6 19. Qd2 Rfe8 20. Rae1 Nf8 21. Bc3 Qg7 22. Re2 Bc8 23. Na5 Qc7 24. Rfe1 Bd7 25. Qd3 Re7 26. Nb3 Bc8 27. Rf2 Re8 28. Nd2 Qg7 29. Nf3 Bd7 30. Ne5 Re7 31. Bd2 Be8 32. Ref1 Bd7 33. Kh1 Be8 34. Ra1 a6 35. Bc3 Rea7 36. a4 Qb7 37. Rfa2 Bd8 38. a5 Qg7 39. Rf2 Bf6 40. g4 Rc7 41. Raf1 Raa7 42. Bh3 Rab7 43. Rg2 Ra7 44. Rg3 Bh4 45. Rgf3 Bf6 46. Bd2 Rab7 47. Be3 Ra7 48. Qd2 Qe7 49. Rg1 Kh8 50. Bf1 Nd7 51. Bd3 Bg7 52. Qc2 Nf8 53. Rh3 Kg8 54. Qd2 Nd7 55. Re1 Qf6 56. Nf3 Nf8 57. Rg3 Qd8 58. Bf2 Bh6 59. Rh3 Bg7 60. Bg3 Rcb7 61. Ne5 Bf6 62. Bf2 Bg7 63. Qc1 Bf6 64. Rg1 Rg7 65. Be3 Rac7 66. Rf3 Ra7 67. Qf1 Rac7 68. Qc1 Ra7 69. Bf1 Rac7 70. Bh3 Ra7 71. Bf2 Rac7 72. Bg3 Ra7 73. Qe1 Rab7 74. Qf2 Ra7 75. Bf1 Rab7 76. Bd3 Ra7 77. h3 Rab7 78. Bc2 Ra7 79. Bd1 Rab7 80. f5 exf5 81. gxf5 g5 82. Ng4 Bh5 83. Re1 Bxg4 84. hxg4 Rge7 85. Be5 Qe8 86. Rfe3 Qf7 87. Kg1 Qg7 88. Qg3 Qh6 89. Kg2 Qg7 90. R1e2 Qh6 91. Qf2 Qg7 92. Bb3 Rbd7 93. Qf3 h6 94. Qf2 Rf7 95. Qe1 Ra7 96. Rf2 Rad7 97. Rh3 Rde7 98. Re2 Ra7 99. Qh1 Kh7 100. Kg1 Rfe7 101. Rxh6+ Qxh6 102. Rh2 Qxh2+ 103. Qxh2+ Kg8 104. Bxf6 Rh7 105. Qd2 Rh3 106. Qxg5+ Kh7 107. Be5 Rxb3 108. Qh5+ Kg8 109. Qh8+ Kf7 110. Qg7+ Ke8 111. Qxa7 Nd7 112. Bd6 Rxb4 113. f6 Rxd4 114. f7+ Kxf7 115. Qxd7+ Kg6 116. Qf5+ 1-0

[Event "Politiken Cup 27th"]
[Site "Copenhagen"]
[Date "2005.07.17"]
[Round "2"]
[White "Eriksson, Claes"]
[Black "Andersen, Dan"]
[Result "0-1"]
[WhiteElo "2065"]
[BlackElo "2245"]
[PlyCount "60"]
[EventDate "2005.07.16"]
[EventType "swiss"]
[EventRounds "10"]
[EventCountry "DEN"]
[SourceTitle "CBM 107 Extra"]
[Source "ChessBase"]
[SourceDate "2005.09.01"]
[SourceVersion "1"]
[SourceVersionDate "2005.09.01"]
[SourceQuality "1"]

1. e4 c6 2. d4 d5 3. e5 Bf5 4. Nc3 e6 5. g4 Bg6 6. Nge2 f6 7. Nf4 Bf7 8. Nd3 Nd7 9. exf6 gxf6 10. Bf4 Qe7 11. Qd2 e5 12. dxe5 fxe5 13. Bg5 Ngf6 14. 0-0-0 Rg8 15. Re1 0-0-0 16. Nxe5 Nxe5 17. f4 Rxg5 18. fxg5 Ne4 19. Nxe4 dxe4 20. Qf4 Qd6 21. Kb1 Nf3 22. Qxd6 Rxd6 23. Rc1 Rd2 24. h4 Kc7 25. g6 Bxg6 26. Bc4 e3 27. Rhf1 Be4 28. Bd3 Rxd3 29. Rxf3 Bxf3 30. cxd3 Bb4 0-1

[Event "Politiken Cup 27th"]
[Site "Copenhagen"]
[Date "2005.07.16"]
[Round "1"]
[White "Andersen, Dan"]
[Black "Moller, Arne Vagn"]
[Result "1-0"]
[WhiteElo "2245"]
[BlackElo "1900"]
[PlyCount "73"]
[EventDate "2005.07.16"]
[EventType "swiss"]
[EventRounds "10"]
[EventCountry "DEN"]
[SourceTitle "CBM 107 Extra"]
[Source "ChessBase"]
[SourceDate "2005.09.01"]
[SourceVersion "1"]
[SourceVersionDate "2005.09.01"]
[SourceQuality "1"]

1. c4 Nf6 2. Nc3 e6 3. Nf3 d5 4. d4 Nc6 5. cxd5 exd5 6. Bg5 Be7 7. e3 0-0 8. Bd3 Be6 9. a3 Nd7 10. h4 h6 11. Bf4 a6 12. Bc2 f5 13. h5 Nf6 14. Nh4 Ne4 15. Ng6 Rf6 16. Ne2 Bf7 17. f3 Nd6 18. Ne5 Nc4 19. Nxc4 dxc4 20. Kf2 Bd6 21. Qd2 Qe8 22. Bxd6 cxd6 23. Nf4 d5 24. Rag1 Qd7 25. g4 fxg4 26. Rxg4 Be6 27. Rg3 Raf8 28. Ng6 R8f7 29. Rhg1 Bg4 30. f4 Bxh5 31. Ne5 Nxe5 32. dxe5 Rb6 33. R1g2 Rxb2 34. Bh7+ Kxh7 35. Qxb2 d4 36. Qxd4 Qc6 37. e6 1-0

[Event "DEN-chT 9798"]
[Site "Denmark"]
[Date "1998.03.15"]
[Round "7.2"]
[White "Berg, Klaus"]
[Black "Andersen, Dan"]
[Result "1-0"]
[WhiteElo "2410"]
[BlackElo "2265"]
[PlyCount "87"]
[EventDate "1997.11.02"]
[EventType "team-tourn"]
[EventRounds "7"]
[EventCountry "DEN"]
[SourceTitle "EXT 2023"]
[Source "ChessBase"]
[SourceDate "2022.10.05"]
[SourceVersion "1"]
[SourceVersionDate "2022.10.05"]
[SourceQuality "1"]
[WhiteTeam "Sydostfyn"]
[BlackTeam "Frederiksberg"]
[WhiteTeamCountry "DEN"]
[BlackTeamCountry "DEN"]

1. d4 Nf6 2. Bg5 e6 3. Nd2 d5 4. Ngf3 Nbd7 5. c4 Be7 6. e3 0-0 7. Bd3 c5 8. cxd5 Nxd5 9. Bxe7 Qxe7 10. 0-0 cxd4 11. Nxd4 Nc5 12. Bc4 Rd8 13. Qf3 Nb6 14. Rfd1 e5 15. N4b3 Nxc4 16. Nxc4 Be6 17. Nca5 e4 18. Qh5 Bxb3 19. Nxb3 Nd3 20. Rd2 Rd7 21. Rad1 Rad8 22. Nd4 g6 23. Qe2 f5 24. f3 h5 25. fxe4 fxe4 26. Rf1 Qe5 27. Qd1 Kg7 28. Qb3 Re7 29. Kh1 Rf8 30. Rxf8 Kxf8 31. Rc2 Rf7 32. Kg1 Kg7 33. Ne6+ Kh6 34. Nd8 Rf1+ 35. Kxf1 Qf6+ 36. Kg1 Qxd8 37. Qf7 Ne5 38. Qf1 Qd7 39. h3 Kg7 40. Qc1 Kh6 41. Qd2 Nd3 42. Qc3 Ne5 43. Rf2 Qe6 44. Rf4 1-0

[Event "DEN-chT 9798"]
[Site "Denmark"]
[Date "1997.11.16"]
[Round "3.3"]
[White "Andersen, Dan"]
[Black "Rodgaard, John"]
[Result "1/2-1/2"]
[WhiteElo "2265"]
[BlackElo "2320"]
[PlyCount "51"]
[EventDate "1997.11.02"]
[EventType "team-tourn"]
[EventRounds "7"]
[EventCountry "DEN"]
[SourceTitle "EXT 2023"]
[Source "ChessBase"]
[SourceDate "2022.10.05"]
[SourceVersion "1"]
[SourceVersionDate "2022.10.05"]
[SourceQuality "1"]
[WhiteTeam "Frederiksberg"]
[BlackTeam "Gistrup"]
[WhiteTeamCountry "DEN"]
[BlackTeamCountry "DEN"]

1. e4 e6 2. d4 d5 3. Nc3 Bb4 4. e5 Ne7 5. Bd2 Bxc3 6. Bxc3 b6 7. b4 c5 8. Bb5+ Bd7 9. Bd3 cxd4 10. Bxd4 Nbc6 11. c3 Ng6 12. Nf3 Qc7 13. Bxg6 fxg6 14. Rc1 Rc8 15. 0-0 0-0 16. Re1 Ne7 17. Qd2 Rxf3 18. gxf3 Bb5 19. Ra1 Rf8 20. a4 Bc4 21. a5 b5 22. a6 Rxf3 23. Kg2 Rf5 24. Re3 Nc6 25. h3 Qf7 26. Rae1 1/2-1/2

[Event "Lyngby op"]
[Site "Lyngby"]
[Date "1991.??.??"]
[Round "3"]
[White "Antonsen, Mikkel"]
[Black "Andersen, Dan"]
[Result "1-0"]
[WhiteElo "2325"]
[BlackElo "2260"]
[PlyCount "63"]
[EventDate "1991.??.??"]
[EventType "swiss"]
[EventRounds "9"]
[EventCountry "DEN"]
[SourceTitle "EXT 2000"]
[Source "ChessBase"]
[SourceDate "1999.11.16"]
[SourceVersion "1"]
[SourceVersionDate "1999.11.16"]
[SourceQuality "1"]

1. d4 Nf6 2. c4 g6 3. Nc3 d5 4. cxd5 Nxd5 5. e4 Nxc3 6. bxc3 Bg7 7. Bb5+ Bd7 8. Be2 c5 9. Nf3 0-0 10. Rb1 Qa5 11. 0-0 cxd4 12. cxd4 Qxa2 13. Rxb7 Bc6 14. Rb2 Qa5 15. Qd3 Qd8 16. Bf4 a6 17. Rc1 Bb5 18. Qe3 Bxe2 19. Qxe2 a5 20. Rb7 a4 21. d5 a3 22. Qa2 Bb2 23. Rxb2 axb2 24. Qxb2 Qd7 25. Bh6 f6 26. Bxf8 Kxf8 27. Nd4 Na6 28. Qd2 Nc7 29. h4 e5 30. Rxc7 Ra1+ 31. Kh2 Qg4 32. Qb4+ 1-0